000 00328nam a22001457a 4500
008 210429b ||||| |||| 00| 0 eng d
020 _a9781256691907
041 _aeng
080 _a621
082 _a621
100 _a26
101 _aMEK
245 _aAutomotive Heating & Air Conditioning
_c Tom Birch
942 _2udc
_cBK
999 _c56942
_d56942